| 000 | 01682nam0a2200373 4500 | ||
|---|---|---|---|
| 001 | RU\NLR\BIBL_A\012642946 | ||
| 005 | 20260406145547.0 | ||
| 010 |
_a978-5-17-136746-6 _93000 |
||
| 021 |
_aRU _b2021-46567 _9КН-П-3670 |
||
| 035 | _a(NLR Aleph) 012642946 | ||
| 090 |
_a12701494 _c12701494 |
||
| 100 | _a20211115d2021 |||y0rusy50 ca | ||
| 101 | 0 |
_arus _aeng |
|
| 102 | _aRU | ||
| 105 | _ay|||z|||000ay | ||
| 181 | 0 |
_ai _baxxe |
|
| 182 | 0 | _an | |
| 200 | 1 |
_aВеликий Гэтсби _dGreat Gatsby _eроман _e[словарь, комментарии] _fФ.С. Фицджеральд _gсоставление комментариев и словарь С.А. Матвеева |
|
| 203 |
_aТекст _bвизуальный _cнепосредственный |
||
| 210 |
_aМосква _cАСТ _cLingua _d2021 |
||
| 215 |
_a220, [3] с. _d20 |
||
| 225 | 1 |
_aЛегко читаем по-английски _e5 уровень |
|
| 300 | _aАвт. также на англ. яз.: Francis Scott Fitzgerald | ||
| 333 | _a16+ | ||
| 510 | 1 |
_6z77790 _aGreat Gatsby _zeng |
|
| 606 | 1 |
_aАнглийский язык _jКниги для чтения _9972309 _3RU\NLR\AUTH\6646032 |
|
| 686 | 1 | _aШ143.21-93рус91 | |
| 700 | 1 |
_8rus _7ca _aФицджеральд _bФ. С. _f1896-1940 _gФрэнсис Скотт _3RU\NLR\AUTH\774722 _9114699 |
|
| 702 | 1 |
_4570 _7ca _8rus _aМатвеев _bС. А. _cлингвист, философ _gСергей Александрович _3RU\NLR\AUTH\7732325 _915334 |
|
| 790 | 1 |
_8eng _7ba _aFitzgerald _bF. S. _f1896-1940 _gFrancis Scott _3RU\NLR\AUTH\774723 _9114700 |
|
| 942 | _cBOOK | ||
| 980 | _aNB | ||